000 00616nam a2200241Ia 4500
003 OSt
005 20220912153106.0
006 a|||||r|||| 00| 0
007 ta
008 220909b |||||||| |||| 00| 0 eng d
024 _a21868
037 _cTextual
040 _aCSL
_beng
_cCSL
041 _aeng
082 _aB316, K0.1;1
100 _aKothe Gottfried
245 0 _aTopologische linear raume
260 _c1960
300 _ap.
_ccm.
490 _aDie grundlehren der mathematischen wissenschaften; 107
942 _hB316, K0.1;1
_cTEXL
_2CC
999 _c97874
_d97874